000 00529nam a22001937a 4500
005 20161115142810.0
010 _aENG-116534
020 _a9789383962464
_c350.00
035 _aEN-100066
037 _bDBAD/PUB
082 _a363.20954
245 _aPolice reforms /
_cedited bySankar Sen
250 _a2016
260 _aDelhi
_bAnuugya
_c2016
270 _a1/10206, West Gorakh Park, Shahdara
_b Delhi
_e110032
300 _a160p.
_c22cm(Hb)
700 _aSen,Sankar
942 _2ddc
_cEN
_mPOL
_h363.20954
999 _c104615
_d104615